[Event "Benidorm op U2300 13th"]
[Site "Benidorm"]
[Date "2014.12.02"]
[Round "5"]
[White "Tetimov, Ivan"]
[Black "Cano Gimenez, Vicente"]
[Result "1-0"]
[WhiteElo "2158"]
[BlackElo "2265"]
[PlyCount "41"]
[EventDate "2014.11.28"]
[EventRounds "10"]
[EventCountry "ESP"]
[Source "Chessbase"]
[SourceDate "2014.12.11"]

1. d4 g6 2. c4 c5 3. Nf3 cxd4 4. Nxd4 Nc6 5. g3 Bg7 6. Nc2 d6 7. Bg2 Be6 8. Ne3
Nf6 9. Nc3 Qc8 10. Ned5 h6 11. O-O h5 12. Bg5 Nh7 13. Be3 h4 14. c5 hxg3 15.
fxg3 dxc5 16. Bxc5 Nf6 17. Nxf6+ Bxf6 18. Rxf6 Ne5 19. Ne4 Bf5 20. Nd6+ exd6
21. Qxd6 1-0

[Event "Benidorm op U2300 13th"]
[Site "Benidorm"]
[Date "2014.12.06"]
[Round "9"]
[White "Tejedor Fuente, Enrique"]
[Black "Tetimov, Ivan"]
[Result "0-1"]
[WhiteElo "2288"]
[BlackElo "2158"]
[PlyCount "180"]
[EventDate "2014.11.28"]
[EventRounds "10"]
[EventCountry "ESP"]
[Source "Chessbase"]
[SourceDate "2014.12.11"]

1. e4 c5 2. g3 Nc6 3. Bg2 e6 4. d3 g6 5. f4 Bg7 6. Nf3 Nge7 7. c3 O-O 8. Be3 b6
9. O-O Ba6 10. Bf2 Rc8 11. Qd2 Qc7 12. Na3 Rfd8 13. Rfe1 Na5 14. Rad1 d6 15. g4
Bb7 16. Bh4 Re8 17. Bg3 Qd7 18. Bf2 b5 19. d4 c4 20. e5 Nd5 21. exd6 a6 22. Bg3
f5 23. g5 Qxd6 24. Nc2 Nc6 25. a3 Na5 26. Ne5 Nb3 27. Qe2 Rc7 28. h4 Nb6 29. h5
Na4 30. Ne3 Bxe5 31. fxe5 Qb6 32. Kf2 Rf8 33. Bf4 Rg7 34. hxg6 Rxg6 35. Rh1 Rf7
36. Rh6 Rfg7 37. Rxg6 hxg6 38. Kf1 Rd7 39. d5 Nbc5 40. Rd4 Nb3 41. Rd1 Nac5 42.
Qc2 Qd8 43. d6 Qa8 44. Kg1 Be4 45. Bxe4 Nxe4 46. Qg2 Nbc5 47. Rd4 Rh7 48. Qf3
Qb7 49. Ng2 Nd3 50. Be3 Nxe5 51. Qf4 Nd7 52. Rd1 e5 53. Qf3 Rh5 54. Bc1 Kg7 55.
Be3 Qc8 56. Kf1 Qh8 57. Nf4 Rh1+ 58. Ke2 Qh2+ 59. Ng2 Rxd1 60. Kxd1 Qh5 61.
Qxh5 gxh5 62. Kc2 Nxd6 63. b3 f4 64. Bxf4 exf4 65. Nxf4 h4 66. a4 cxb3+ 67.
Kxb3 Nc5+ 68. Kb4 Nxa4 69. g6 Nc4 70. Kb3 Nc5+ 71. Kb4 Ne4 72. Kb3 a5 73. Ka2
Nxc3+ 74. Ka1 Ne4 75. Ka2 Ng5 76. Kb3 Ne4 77. Kc2 Nf2 78. Kc3 h3 79. Ne6+ Kxg6
80. Nf4+ Kf5 81. Ne2 h2 82. Kd4 Kg4 83. Kc5 h1=Q 84. Kxb5 Qb1+ 85. Kc5 Qb4+ 86.
Kc6 Ne5+ 87. Kc7 Qc4+ 88. Kd6 Qxe2 89. Kd5 Nf3 90. Kd6 Qe5+ 0-1